000 00616cam a2200205 4500
001 2339
005 20181127164952.0
008 840626s1985 maua b 000 0 eng
010 _a 84014420
020 _a0316082228 (pbk.)
245 0 0 _aTypes of drama :
_bplays and essays /
_c[compiled by] Sylvan Barnet, Morton Berman, William Burto.
250 _a4th ed.
260 _aBoston :
_bLittle, Brown,
_cc1985.
300 _axi, 784 p. :
_bill. ;
_c23 cm.
504 _aIncludes bibliographies.
650 0 _aDrama
_xCollections.
700 1 _aBarnet, Sylvan.
700 1 _aBerman, Morton.
700 1 _aBurto, William.
999 _c1866
_d1866